[Event "Madrid-ch U18 1314"]
[Site "Madrid"]
[Date "2013.10.26"]
[Round "7"]
[White "Alfaya Marcelo, Roberto"]
[Black "Zhynguel Ramirez de Verger, Aleksei"]
[Result "1/2-1/2"]
[WhiteElo "1893"]
[BlackElo "1880"]
[PlyCount "53"]
[EventDate "2013.10.04"]
[EventType "swiss"]
[EventRounds "7"]
[EventCountry "ESP"]
[SourceTitle "EXT 2015"]
[Source "ChessBase"]
[SourceDate "2014.11.20"]
[SourceVersion "1"]
[SourceVersionDate "2014.11.20"]
[SourceQuality "1"]

1. d4 Nf6 2. c4 e6 3. Nc3 Bb4 4. Qc2 0-0 5. a3 Bxc3+ 6. Qxc3 b6 7. Bg5 Bb7 8. Nf3 d6 9. e3 Nbd7 10. Bd3 Rc8 11. 0-0 c5 12. Nd2 Qc7 13. e4 h6 14. Bxf6 Nxf6 15. d5 exd5 16. exd5 Rce8 17. Rae1 Re7 18. Ne4 Nxe4 19. Rxe4 Rxe4 20. Bxe4 Re8 21. Re1 Kf8 22. Bd3 Rxe1+ 23. Qxe1 Qe7 24. Qxe7+ Kxe7 25. f4 Kf6 26. Kf2 Bc8 27. Kf3 1/2-1/2

[Event "Madrid San Viator op 21st"]
[Site "Madrid"]
[Date "2013.10.20"]
[Round "5"]
[White "Zhynguel Ramirez de Verger, Aleksei"]
[Black "Cabanas Bravo, Juan Andres"]
[Result "0-1"]
[WhiteElo "1877"]
[BlackElo "2089"]
[PlyCount "138"]
[EventDate "2013.09.29"]
[EventType "swiss"]
[EventRounds "9"]
[EventCountry "ESP"]
[SourceTitle "EXT 2015"]
[Source "ChessBase"]
[SourceDate "2014.11.20"]
[SourceVersion "1"]
[SourceVersionDate "2014.11.20"]
[SourceQuality "1"]

1. d4 Nf6 2. c4 g6 3. Nc3 d5 4. Nf3 Bg7 5. cxd5 Nxd5 6. e4 Nxc3 7. bxc3 c5 8. h3 0-0 9. Be2 Qa5 10. Bd2 Rd8 11. Qc2 Bd7 12. 0-0 Ba4 13. Qc1 Qc7 14. Bf4 Qc8 15. Qe3 cxd4 16. cxd4 b5 17. Rac1 Qa6 18. Rc7 Nd7 19. Bh6 Rac8 20. Rfc1 Rxc7 21. Rxc7 Qa5 22. Rc1 Qb4 23. Bxg7 Kxg7 24. a3 Qd6 25. Qc3 Nb6 26. d5+ f6 27. Qb4 Rc8 28. Rc6 Rxc6 29. dxc6 a5 30. Qxd6 exd6 31. Nd4 b4 32. axb4 axb4 33. Bb5 Bxb5 34. Nxb5 b3 35. Kf1 b2 36. Nc3 d5 37. f3 dxe4 38. fxe4 Kf7 39. Ke2 Ke6 40. Kd1 Na4 41. Nb1 Kd6 42. c7 Kxc7 43. Kc2 Kd6 44. Kb3 Nc5+ 45. Kxb2 Nxe4 46. Kc2 Ke5 47. Kd3 Kf4 48. Ke2 h5 49. Na3 Kg3 50. Kf1 Nc3 51. Nc4 Nd1 52. Kg1 h4 53. Nd2 f5 54. Nf1+ Kf4 55. Nh2 Ne3 56. Kf2 Nd5 57. Nf3 g5 58. Nd4 g4 59. Ne6+ Ke5 60. Ng5 Nc3 61. hxg4 fxg4 62. Kg1 Ne4 63. Nf7+ Kf4 64. Kh2 Nf2 65. Nh6 g3+ 66. Kg1 h3 67. gxh3 Kf3 68. Ng4 Nxh3+ 69. Kh1 g2+ 0-1

[Event "Madrid San Viator op 21st"]
[Site "Madrid"]
[Date "2013.10.06"]
[Round "2"]
[White "Vallejo Nuno, Jorge"]
[Black "Zhynguel Ramirez de Verger, Aleksei"]
[Result "1/2-1/2"]
[WhiteElo "2068"]
[BlackElo "1877"]
[PlyCount "39"]
[EventDate "2013.09.29"]
[EventType "swiss"]
[EventRounds "9"]
[EventCountry "ESP"]
[SourceTitle "EXT 2015"]
[Source "ChessBase"]
[SourceDate "2014.11.20"]
[SourceVersion "1"]
[SourceVersionDate "2014.11.20"]
[SourceQuality "1"]

1. e4 c5 2. Nf3 Nc6 3. Bb5 g6 4. 0-0 Bg7 5. Re1 Nf6 6. c3 0-0 7. e5 Nd5 8. Qb3 Nc7 9. Bf1 d5 10. d4 c4 11. Qd1 f6 12. exf6 exf6 13. a4 a6 14. b3 b5 15. axb5 axb5 16. Rxa8 Nxa8 17. bxc4 bxc4 18. Ba3 Re8 19. Rxe8+ Qxe8 20. Nbd2 1/2-1/2

[Event "Madrid-ch U18 1314"]
[Site "Madrid"]
[Date "2013.10.04"]
[Round "1"]
[White "Zhynguel Ramirez de Verger, Aleksei"]
[Black "Anton Quevedo, Andrea"]
[Result "1-0"]
[WhiteElo "1880"]
[BlackElo "1504"]
[PlyCount "69"]
[EventDate "2013.10.04"]
[EventType "swiss"]
[EventRounds "7"]
[EventCountry "ESP"]
[SourceTitle "EXT 2015"]
[Source "ChessBase"]
[SourceDate "2014.11.20"]
[SourceVersion "1"]
[SourceVersionDate "2014.11.20"]
[SourceQuality "1"]

1. d4 d5 2. c4 Nc6 3. Nf3 Bg4 4. e3 e6 5. Nc3 Nf6 6. a3 Be7 7. Bd3 0-0 8. 0-0 e5 9. cxd5 Nxd5 10. dxe5 Nxc3 11. bxc3 Bxf3 12. gxf3 Nxe5 13. Be4 Qc8 14. f4 Nc4 15. Rb1 Qe6 16. Qc2 Nd6 17. Bg2 Rab8 18. Rd1 b6 19. e4 Nc4 20. a4 Rfd8 21. Rd4 Bc5 22. f5 Qe5 23. Rxc4 Rd6 24. Be3 Bxe3 25. fxe3 Rh6 26. Bf3 Rh3 27. Qg2 Rh6 28. Qg3 Qe7 29. Rxc7 Qd8 30. Rd1 Qf8 31. Rdd7 Rf6 32. Qg4 Rd8 33. e5 Rxd7 34. Rxd7 Rh6 35. Qd4 1-0

[Event "Madrid San Viator op 19th"]
[Site "Madrid"]
[Date "2012.10.07"]
[Round "3"]
[White "Sanchez Lopez, Maria"]
[Black "Zhynguel Ramirez de Verger, Aleksei"]
[Result "1-0"]
[WhiteElo "1873"]
[BlackElo "1704"]
[PlyCount "103"]
[EventDate "2012.09.23"]
[EventType "swiss"]
[EventRounds "9"]
[EventCountry "ESP"]
[SourceTitle "EXT 2013"]
[Source "ChessBase"]
[SourceDate "2012.11.22"]
[SourceVersion "1"]
[SourceVersionDate "2012.11.22"]
[SourceQuality "1"]

1. d4 f5 2. Nf3 g6 3. c4 Nf6 4. g3 Bg7 5. Bg2 d6 6. 0-0 0-0 7. Nc3 c6 8. Qb3 Qc7 9. Rd1 Kh8 10. Bg5 Be6 11. Rac1 Nbd7 12. d5 Bg8 13. Nd4 Nc5 14. Qc2 e5 15. dxe6 Nxe6 16. Nxe6 Bxe6 17. Bf4 Ne8 18. b3 Qe7 19. h4 Rd8 20. Rd3 Nc7 21. Rcd1 Be5 22. Qd2 Bxf4 23. Qxf4 Ne8 24. Qd4+ Qg7 25. Qxa7 f4 26. Qd4 fxg3 27. Qxg7+ Kxg7 28. fxg3 Rf5 29. Ne4 Re5 30. Nxd6 Nxd6 31. Rxd6 Rxd6 32. Rxd6 Rxe2 33. Bf3 Re5 34. Kf2 Kf7 35. Rd8 Ra5 36. Rd2 b5 37. Bxc6 bxc4 38. bxc4 Bxc4 39. a4 Bb3 40. Rd4 h6 41. Ke3 g5 42. hxg5 Rxg5 43. Kf4 Ke6 44. Bd7+ Ke7 45. Bf5 Rg8 46. Rd7+ Kf6 47. a5 Ra8 48. Rd6+ Kg7 49. a6 Ra7 50. Rd7+ Rxd7 51. Bxd7 Bc4 52. Bc8 1-0

[Event "Madrid Chamartin op 1st"]
[Site "Madrid"]
[Date "2012.09.15"]
[Round "9"]
[White "Zhynguel Ramirez de Verger, Aleksei"]
[Black "Taboas Rodriguez, Daniel"]
[Result "0-1"]
[WhiteElo "1704"]
[BlackElo "2402"]
[PlyCount "68"]
[EventDate "2012.09.09"]
[EventType "swiss"]
[EventRounds "9"]
[EventCountry "ESP"]
[SourceTitle "CBM 150 Extra"]
[Source "ChessBase"]
[SourceDate "2012.10.19"]
[SourceVersion "1"]
[SourceVersionDate "2012.10.19"]
[SourceQuality "1"]

1. d4 Nf6 2. Bf4 c5 3. e3 Qb6 4. Nc3 d6 5. Rb1 g6 6. Nf3 Bg7 7. Bc4 0-0 8. 0-0 Bg4 9. h3 Bxf3 10. Qxf3 cxd4 11. exd4 Qxd4 12. Bb5 Qb6 13. Rfe1 e6 14. Bg5 Nbd7 15. Bxf6 Nxf6 16. Ba4 Rac8 17. Bb3 d5 18. Rbd1 Qc5 19. Qe3 Nd7 20. Qc1 Bxc3 21. bxc3 Qxc3 22. Qa3 Qc5 23. Qb2 b5 24. a4 bxa4 25. Bxa4 Nb6 26. Bb3 a5 27. Ra1 Ra8 28. Ba4 Rfc8 29. Rec1 Rab8 30. Qa2 Nc4 31. Rab1 Nd2 32. Rxb8 Rxb8 33. Qa1 Rb4 34. Bb3 Rf4 0-1

[Event "Madrid Chamartin op 1st"]
[Site "Madrid"]
[Date "2012.09.13"]
[Round "7"]
[White "Zhynguel Ramirez de Verger, Aleksei"]
[Black "Collado Barbas, Laura"]
[Result "1/2-1/2"]
[WhiteElo "1704"]
[BlackElo "2149"]
[PlyCount "59"]
[EventDate "2012.09.09"]
[EventType "swiss"]
[EventRounds "9"]
[EventCountry "ESP"]
[SourceTitle "CBM 150 Extra"]
[Source "ChessBase"]
[SourceDate "2012.10.19"]
[SourceVersion "1"]
[SourceVersionDate "2012.10.19"]
[SourceQuality "1"]

1. d4 d5 2. Bf4 Nf6 3. e3 c5 4. c3 Nc6 5. Nd2 Bf5 6. Ngf3 e6 7. Be2 h6 8. h3 Ne4 9. Qb3 Qc8 10. Nxe4 Bxe4 11. 0-0 c4 12. Qb5 Be7 13. Ne5 0-0 14. Nxc6 bxc6 15. Qa5 Bd8 16. Qa3 Bc7 17. Bxc7 Qxc7 18. b3 cxb3 19. axb3 Rfb8 20. b4 Qe7 21. Ra2 Qg5 22. g3 Qf5 23. Bg4 Qg6 24. Be2 Bd3 25. Bxd3 Qxd3 26. Rfa1 Qc4 27. Qb2 a6 28. Ra5 Qd3 29. R1a3 Rb6 30. Qa1 1/2-1/2

[Event "Madrid Chamartin op 1st"]
[Site "Madrid"]
[Date "2012.09.12"]
[Round "5"]
[White "Zhynguel Ramirez de Verger, Aleksei"]
[Black "Garcia Saez, Juan Carlos"]
[Result "1-0"]
[WhiteElo "1704"]
[BlackElo "2004"]
[PlyCount "75"]
[EventDate "2012.09.09"]
[EventType "swiss"]
[EventRounds "9"]
[EventCountry "ESP"]
[SourceTitle "CBM 150 Extra"]
[Source "ChessBase"]
[SourceDate "2012.10.19"]
[SourceVersion "1"]
[SourceVersionDate "2012.10.19"]
[SourceQuality "1"]

1. d4 Nf6 2. Bf4 e6 3. e3 b6 4. Nf3 Bb7 5. Nbd2 Be7 6. h3 0-0 7. Bd3 d5 8. Ne5 Nbd7 9. Qf3 c5 10. c3 a5 11. g4 Nxe5 12. dxe5 Ne8 13. h4 Ba6 14. Bc2 f6 15. exf6 Rxf6 16. g5 Rf8 17. Qh5 g6 18. Bxg6 hxg6 19. Qxg6+ Ng7 20. Be5 Rf7 21. h5 Bd3 22. Qxd3 Rf5 23. h6 c4 24. Qc2 Bf8 25. hxg7 Bxg7 26. Bxg7 Kxg7 27. 0-0-0 Qg8 28. Rdg1 Ra7 29. f4 Kf8 30. Nf3 Rh7 31. Nd4 Rff7 32. Nxe6+ Ke7 33. f5 Rxh1 34. Rxh1 Kd6 35. Qh2+ Kc6 36. Qe5 Rh7 37. Rxh7 Qxh7 38. Qc7+ 1-0

[Event "Madrid Oliver Gonzalez Memorial-B 3rd"]
[Site "Madrid"]
[Date "2012.09.05"]
[Round "5"]
[White "Lopez Heras, Arturo"]
[Black "Zhynguel Ramirez de Verger, Aleksei"]
[Result "1-0"]
[WhiteElo "1976"]
[BlackElo "1704"]
[PlyCount "39"]
[EventDate "2012.09.01"]
[EventType "swiss"]
[EventRounds "9"]
[EventCountry "ESP"]
[SourceTitle "CBM 150 Extra"]
[Source "ChessBase"]
[SourceDate "2012.10.19"]
[SourceVersion "1"]
[SourceVersionDate "2012.10.19"]
[SourceQuality "1"]

1. e4 c5 2. Nf3 d6 3. d4 Nf6 4. Nc3 cxd4 5. Nxd4 a6 6. Be2 g6 7. Be3 Bg7 8. f3 Nc6 9. Qd2 Bd7 10. g4 h5 11. g5 Nh7 12. Nd5 Nf8 13. Nxc6 Bxc6 14. Bb6 Qc8 15. Nc7+ Kd7 16. Nxa8 Qxa8 17. 0-0-0 Ne6 18. Kb1 Be5 19. Bc4 Bf4 20. Bxe6+ 1-0

[Event "Madrid Oliver Gonzalez Memorial-B 3rd"]
[Site "Madrid"]
[Date "2012.09.04"]
[Round "4"]
[White "Zhynguel Ramirez de Verger, Aleksei"]
[Black "Penaranda Grilo, Juan Carlos"]
[Result "1/2-1/2"]
[WhiteElo "1704"]
[BlackElo "1900"]
[PlyCount "86"]
[EventDate "2012.09.01"]
[EventType "swiss"]
[EventRounds "9"]
[EventCountry "ESP"]
[SourceTitle "CBM 150 Extra"]
[Source "ChessBase"]
[SourceDate "2012.10.19"]
[SourceVersion "1"]
[SourceVersionDate "2012.10.19"]
[SourceQuality "1"]

1. d4 d5 2. Bf4 Nf6 3. e3 e6 4. Nf3 c5 5. c3 Nc6 6. Nbd2 Bd7 7. Bd3 Qb6 8. Rb1 Rc8 9. 0-0 Be7 10. Ne5 Qd8 11. Bg3 0-0 12. f4 g6 13. Bh4 cxd4 14. exd4 a6 15. Rf3 Nh5 16. Bxe7 Qxe7 17. Nxd7 Qxd7 18. g4 Ng7 19. h3 f5 20. g5 Nh5 21. Be2 Qd6 22. Qf1 b5 23. a3 Na5 24. Kg2 Nc4 25. Nxc4 bxc4 26. Rf2 Ng7 27. Bd1 Ne8 28. Qe1 Rf7 29. Qe5 Qxe5 30. dxe5 Rb7 31. Kf3 Rcb8 32. Ke3 Nc7 33. Ba4 a5 34. Kd4 Na6 35. b4 cxb3 36. Rfb2 Kf7 37. Rxb3 Rxb3 38. Rxb3 Rc8 39. Rb7+ Kf8 40. Bb5 Nc5 41. Rxh7 Nb3+ 42. Kd3 Nc5+ 43. Kd4 Nb3+ 1/2-1/2

[Event "ESP-ch U14"]
[Site "Salobrena"]
[Date "2012.07.14"]
[Round "9"]
[White "Zhynguel Ramirez de Verger, Aleksei"]
[Black "Gomez Dieguez, Adrian"]
[Result "1/2-1/2"]
[WhiteElo "1650"]
[BlackElo "1801"]
[PlyCount "71"]
[EventDate "2012.07.09"]
[EventType "swiss"]
[EventRounds "9"]
[EventCountry "ESP"]
[SourceTitle "EXT 2014"]
[Source "ChessBase"]
[SourceDate "2013.11.20"]
[SourceVersion "1"]
[SourceVersionDate "2013.11.20"]
[SourceQuality "1"]

1. d4 Nf6 2. Bf4 c5 3. e3 Qb6 4. b3 e6 5. Nf3 Nc6 6. c3 Nd5 7. Bg3 Qa5 8. Qc2 f5 9. Bd3 Ncb4 10. Qd2 Nxd3+ 11. Qxd3 Be7 12. dxc5 Qxc5 13. Be5 0-0 14. Qd4 Qxd4 15. Bxd4 b6 16. c4 Nb4 17. Kd2 Bb7 18. Nc3 g5 19. Rhg1 Nc6 20. Ne2 Nxd4 21. Nexd4 g4 22. Ne1 e5 23. Nb5 d5 24. Nc7 Bb4+ 25. Ke2 Rac8 26. Nxd5 Bxd5 27. cxd5 Rfd8 28. Rd1 Rc5 29. f3 Rcxd5 30. Nd3 Bc3 31. e4 fxe4 32. fxe4 Ra5 33. Nc1 Bd4 34. Rgf1 Rc8 35. Rd2 Kg7 36. Nd3 1/2-1/2

[Event "Madrid San Viator op 18th"]
[Site "Madrid"]
[Date "2012.05.06"]
[Round "5"]
[White "Moreno Zamora, Gregorio"]
[Black "Zhynguel Ramirez de Verger, Aleksei"]
[Result "1-0"]
[WhiteElo "1760"]
[BlackElo "1586"]
[PlyCount "55"]
[EventDate "2012.03.25"]
[EventType "swiss"]
[EventRounds "9"]
[EventCountry "ESP"]
[SourceTitle "EXT 2013"]
[Source "ChessBase"]
[SourceDate "2012.11.22"]
[SourceVersion "1"]
[SourceVersionDate "2012.11.22"]
[SourceQuality "1"]

1. d4 Nf6 2. c4 d6 3. Nc3 Nbd7 4. e4 e5 5. Nf3 Be7 6. Be2 0-0 7. h3 c6 8. Be3 a6 9. a4 Qc7 10. 0-0 Re8 11. Nh2 Bf8 12. d5 c5 13. Qc2 g6 14. f4 Bg7 15. f5 h6 16. Qd2 Kh7 17. g4 Ng8 18. h4 Qd8 19. g5 h5 20. f6 Bf8 21. Qd1 Ngxf6 22. gxf6 Nxf6 23. Bg5 Be7 24. Rf2 Nxd5 25. Nxd5 Bxg5 26. hxg5 Qxg5+ 27. Rg2 Qd8 28. Bxh5 1-0

[Event "Madrid San Viator op 17th"]
[Site "Madrid"]
[Date "2011.10.23"]
[Round "7"]
[White "Zhynguel Ramirez de Verger, Aleksei"]
[Black "Pindado del Carmen, Eliseo"]
[Result "1/2-1/2"]
[WhiteElo "1516"]
[BlackElo "1655"]
[PlyCount "73"]
[EventDate "2011.09.25"]
[EventType "swiss"]
[EventRounds "9"]
[EventCountry "ESP"]
[SourceTitle "EXT 2012"]
[Source "ChessBase"]
[SourceDate "2011.11.24"]
[SourceVersion "1"]
[SourceVersionDate "2011.11.24"]
[SourceQuality "1"]

1. d4 Nf6 2. Bf4 d5 3. e3 e6 4. Nf3 Nbd7 5. Nbd2 c5 6. c3 Qb6 7. Rb1 a6 8. Be2 Be7 9. 0-0 Qc6 10. h3 Ne4 11. Nxe4 dxe4 12. Nd2 f5 13. Nc4 b5 14. Ne5 Nxe5 15. Bxe5 0-0 16. f3 Bb7 17. Rc1 Rad8 18. Qc2 Bg5 19. f4 Bf6 20. Bxf6 Rxf6 21. b4 c4 22. Ra1 Qe8 23. a4 Bc6 24. axb5 Bxb5 25. Qa2 Rc8 26. Qa5 Qg6 27. Kh2 h5 28. g3 Qe8 29. Rad1 g6 30. g4 hxg4 31. hxg4 Rf7 32. g5 Rcc7 33. Kg3 Rh7 34. Rh1 Rcg7 35. Qa1 Qd7 36. Rxh7 Rxh7 37. Rh1 1/2-1/2

[Event "Madrid Oliver Gonzalez Memorial 2nd"]
[Site "Madrid"]
[Date "2011.10.16"]
[Round "9"]
[White "Martinez Miura, Enrique"]
[Black "Zhynguel Ramirez de Verger, Aleksei"]
[Result "1-0"]
[WhiteElo "1713"]
[BlackElo "1516"]
[PlyCount "69"]
[EventDate "2011.10.08"]
[EventType "swiss"]
[EventRounds "9"]
[EventCountry "ESP"]
[SourceTitle "CBM 144 Extra"]
[Source "ChessBase"]
[SourceDate "2011.10.28"]
[SourceVersion "1"]
[SourceVersionDate "2011.10.28"]
[SourceQuality "1"]

1. e4 c5 2. c4 Nc6 3. Nc3 d6 4. g3 Nf6 5. Bg2 g6 6. Nge2 Bg7 7. 0-0 0-0 8. d3 e6 9. f4 a6 10. Rb1 Qc7 11. a3 Rb8 12. b4 b6 13. b5 axb5 14. Nxb5 Qd7 15. Kh1 Ne8 16. Bb2 Nc7 17. Bxg7 Kxg7 18. Nxc7 Qxc7 19. d4 Ba6 20. d5 Na5 21. f5 exf5 22. exf5 Bxc4 23. f6+ Kg8 24. Qd2 Kh8 25. Qh6 Rg8 26. Rf2 Rbe8 27. Nf4 Re5 28. g4 g5 29. Nh3 Rg6 30. Qh5 Bxd5 31. Bxd5 Rxd5 32. Re1 Qc6 33. Kg1 c4 34. Rfe2 c3 35. Re8+ 1-0

[Event "Madrid Oliver Gonzalez Memorial 2nd"]
[Site "Madrid"]
[Date "2011.10.11"]
[Round "4"]
[White "Alvarez Escudero, Manuel"]
[Black "Zhynguel Ramirez de Verger, Aleksei"]
[Result "1/2-1/2"]
[WhiteElo "1874"]
[BlackElo "1516"]
[PlyCount "100"]
[EventDate "2011.10.08"]
[EventType "swiss"]
[EventRounds "9"]
[EventCountry "ESP"]
[SourceTitle "CBM 144 Extra"]
[Source "ChessBase"]
[SourceDate "2011.10.28"]
[SourceVersion "1"]
[SourceVersionDate "2011.10.28"]
[SourceQuality "1"]

1. e4 c5 2. Nf3 d6 3. b3 Nc6 4. Bb2 Nf6 5. Nc3 Bd7 6. d3 g6 7. Nd5 Bg7 8. Nxf6+ Bxf6 9. Bxf6 exf6 10. Be2 f5 11. 0-0 0-0 12. Re1 Re8 13. Nd2 Nd4 14. c3 Nxe2+ 15. Rxe2 Qc7 16. Qc2 d5 17. Rae1 fxe4 18. dxe4 dxe4 19. Nxe4 Kg7 20. c4 Bf5 21. Qc3+ Qe5 22. Qxe5+ Rxe5 23. Nd6 Rxe2 24. Rxe2 Rd8 25. Nxf5+ gxf5 26. f3 Kf6 27. Kf2 a6 28. f4 Rd4 29. g3 h5 30. h3 b5 31. cxb5 axb5 32. Re5 Rd2+ 33. Ke3 Rc2 34. Kd3 Rc1 35. Kd2 Ra1 36. Rxc5 Rxa2+ 37. Ke3 Ra5 38. h4 Ke6 39. b4 Ra3+ 40. Kf2 Ra2+ 41. Kf3 Ra3+ 42. Kg2 Ra2+ 43. Kh3 Rb2 44. Rxb5 f6 45. Rb6+ Ke7 46. b5 Kf7 47. Rb8 Kg7 48. b6 Kh7 49. Rb7+ Kg6 50. Rb8 Kh7 1/2-1/2

[Event "Madrid San Viator op 17th"]
[Site "Madrid"]
[Date "2011.10.09"]
[Round "4"]
[White "Algaba Traspuesto, Jose Antonio"]
[Black "Zhynguel Ramirez de Verger, Aleksei"]
[Result "0-1"]
[WhiteElo "1658"]
[BlackElo "1516"]
[PlyCount "66"]
[EventDate "2011.09.25"]
[EventType "swiss"]
[EventRounds "9"]
[EventCountry "ESP"]
[SourceTitle "EXT 2012"]
[Source "ChessBase"]
[SourceDate "2011.11.24"]
[SourceVersion "1"]
[SourceVersionDate "2011.11.24"]
[SourceQuality "1"]

1. e4 c5 2. Nc3 Nc6 3. f4 d6 4. Nf3 Nf6 5. Bb5 Bd7 6. 0-0 g6 7. d3 Bg7 8. Qe1 0-0 9. Bxc6 Bxc6 10. Qh4 e6 11. f5 exf5 12. Bh6 fxe4 13. Bxg7 Kxg7 14. Ng5 h6 15. Ngxe4 Nxe4 16. Qxd8 Raxd8 17. Nxe4 f5 18. Nd2 Rfe8 19. Rf2 b5 20. Raf1 Rf8 21. h4 a5 22. h5 Rf6 23. hxg6 Kxg6 24. Nf3 Rdf8 25. Nh4+ Kg5 26. Nf3+ Kh5 27. Nh2 a4 28. a3 Bd5 29. Rf4 Kg5 30. R1f2 h5 31. Nf1 Re8 32. Ng3 Re5 33. Ne2 Rxe2 0-1

[Event "Madrid Oliver Gonzalez Memorial 2nd"]
[Site "Madrid"]
[Date "2011.10.08"]
[Round "1"]
[White "Zhynguel Ramirez de Verger, Aleksei"]
[Black "Grebstad, Kjell Borre"]
[Result "0-1"]
[WhiteElo "1516"]
[BlackElo "1986"]
[PlyCount "166"]
[EventDate "2011.10.08"]
[EventType "swiss"]
[EventRounds "9"]
[EventCountry "ESP"]
[SourceTitle "CBM 144 Extra"]
[Source "ChessBase"]
[SourceDate "2011.10.28"]
[SourceVersion "1"]
[SourceVersionDate "2011.10.28"]
[SourceQuality "1"]

1. d4 d5 2. Bf4 Nf6 3. Nf3 Bf5 4. e3 e6 5. Ne5 h6 6. c4 c6 7. Nc3 Qb6 8. Qb3 Qxb3 9. axb3 Bc2 10. cxd5 exd5 11. Nd3 Na6 12. Na4 Bxb3 13. Nac5 Nxc5 14. Nxc5 Bxc5 15. dxc5 a5 16. Bd3 0-0 17. 0-0 Rfe8 18. Rfc1 Ne4 19. f3 Nf6 20. Kf2 a4 21. Bc2 Bxc2 22. Rxc2 Nd7 23. Ra3 f5 24. b4 b5 25. cxb6 Nxb6 26. Rxc6 Nc4 27. Ra1 a3 28. h4 Ra4 29. b5 Rb4 30. Rc5 Ra8 31. Rxd5 a2 32. Rdd1 Rxb5 33. Rdc1 Rb2+ 34. Kg3 Ra4 35. Kh3 Re2 36. Kg3 Kf7 37. Rc3 Ke6 38. Kh3 Rb2 39. Rcc1 Kd5 40. Re1 Rc2 41. e4+ fxe4 42. fxe4+ Ke6 43. g3 h5 44. Red1 Rb4 45. Rd8 Rb1 46. Rd1 Rxd1 47. Rxd1 Na5 48. Rd6+ Ke7 49. Rd1 Nb3 50. Be5 g6 51. Ba1 Rc1 52. Rxc1 Nxc1 53. g4 Nb3 54. Bc3 a1Q 55. Bxa1 Nxa1 56. gxh5 gxh5 57. Kg3 Kf6 58. Kf4 Nb3 59. e5+ Kg6 60. e6 Nd4 61. e7 Ne6+ 62. Ke5 Ng7 63. Kf4 Kf6 64. Ke4 Kxe7 65. Ke5 Kf7 66. Ke4 Kf6 67. Kf4 Ne6+ 68. Kg3 Kf5 69. Kf3 Nf8 70. Kg3 Ke4 71. Kg2 Kf4 72. Kh3 Ng6 73. Kg2 Kg4 74. Kh2 Kxh4 75. Kg2 Kg4 76. Kh2 Nf4 77. Kg1 Kg3 78. Kh1 h4 79. Kg1 Ng6 80. Kh1 Ne5 81. Kg1 Nd3 82. Kh1 h3 83. Kg1 h2+ 0-1

[Event "Madrid San Viator op 16th"]
[Site "Madrid"]
[Date "2011.06.05"]
[Round "9"]
[White "Moreno Zamora, Gregorio"]
[Black "Zhynguel Ramirez de Verger, Aleksei"]
[Result "1-0"]
[WhiteElo "1780"]
[BlackElo "1425"]
[PlyCount "153"]
[EventDate "2011.03.27"]
[EventType "swiss"]
[EventRounds "9"]
[EventCountry "ESP"]
[SourceTitle "EXT 2012"]
[Source "ChessBase"]
[SourceDate "2011.11.24"]
[SourceVersion "1"]
[SourceVersionDate "2011.11.24"]
[SourceQuality "1"]

1. d4 Nf6 2. c4 d6 3. Nc3 Nbd7 4. e4 e5 5. Nf3 c6 6. Be2 Be7 7. h3 a6 8. a4 a5 9. Be3 0-0 10. 0-0 Ne8 11. Qc2 g6 12. Bh6 Ng7 13. Rad1 Qc7 14. Bd3 Re8 15. Rfe1 Ne6 16. d5 Nec5 17. Be3 Nxd3 18. Qxd3 Nb6 19. c5 Nd7 20. dxc6 Nxc5 21. Bxc5 dxc5 22. cxb7 Bxb7 23. Qd7 Qxd7 24. Rxd7 Bc6 25. Rc7 Rac8 26. Rxc8 Rxc8 27. Nxe5 Be8 28. Nd5 Kf8 29. f3 Bd8 30. Nc4 Rb8 31. Nc3 Rb4 32. Rd1 Bc7 33. Nd5 Rxc4 34. Nxc7 Bxa4 35. Rd2 Rd4 36. Rxd4 cxd4 37. Kf1 d3 38. Ke1 d2+ 39. Kxd2 Ke7 40. Ke3 Kd6 41. Nd5 Kc5 42. g3 Kc4 43. Nb6+ Kb3 44. Nxa4 Kxa4 45. Kd2 Kb3 46. Kc1 Kc4 47. Kc2 a4 48. f4 f6 49. e5 fxe5 50. fxe5 Kd5 51. Kc3 Kxe5 52. Kb4 Ke4 53. Kxa4 Kf3 54. b4 Kxg3 55. b5 Kxh3 56. b6 g5 57. b7 g4 58. b8Q g3 59. Qb1 g2 60. Qxh7+ Kg3 61. Qg6+ Kf2 62. Qf5+ Kg3 63. Qg5+ Kf2 64. Qf4+ Ke2 65. Qg3 Kf1 66. Qf3+ Kg1 67. Kb3 Kh2 68. Qf2 Kh1 69. Qh4+ Kg1 70. Kc2 Kf1 71. Qf4+ Ke2 72. Qh2 Kf1 73. Kd2 Kf2 74. Qf4+ Kg1 75. Ke2 Kh1 76. Qh4+ Kg1 77. Kf3 1-0

[Event "Parla op 25th"]
[Site "Parla"]
[Date "2010.09.12"]
[Round "9"]
[White "Martin Espeja, Jorge Juan"]
[Black "Zhynguel Ramirez de Verger, Aleksei"]
[Result "1-0"]
[WhiteElo "1881"]
[BlackElo "1680"]
[PlyCount "65"]
[EventDate "2010.09.04"]
[EventType "swiss"]
[EventRounds "9"]
[EventCountry "ESP"]
[SourceTitle "CBM 138 Extra"]
[Source "ChessBase"]
[SourceDate "2010.10.29"]
[SourceVersion "1"]
[SourceVersionDate "2010.10.29"]
[SourceQuality "1"]

1. e4 b6 2. d4 e6 3. c4 Bb7 4. Nc3 Bb4 5. Bd3 Bxc3+ 6. bxc3 Nf6 7. Qf3 h6 8. Qg3 Nh5 9. Qg4 g6 10. e5 Rg8 11. Bxh6 f5 12. exf6 Nxf6 13. Qg3 d6 14. Nf3 Kd7 15. Bg5 Qf8 16. d5 exd5 17. Qh3+ Kd8 18. 0-0 Nbd7 19. Nd4 Kc8 20. Qe6 Kb8 21. Bxf6 Nxf6 22. Rfe1 a6 23. Qe7 Qg7 24. Re6 Qxe7 25. Rxe7 Bc8 26. f3 dxc4 27. Bxc4 Re8 28. Rae1 Rxe7 29. Rxe7 Kb7 30. Rf7 Nh5 31. Bd5+ Kb8 32. Nc6+ Kb7 33. Ne7+ 1-0